000 00358nam a22001217a 4500
008 230626b xxu||||| |||| 00| 0 eng d
082 _a332.4
_bEACB
100 _cEast African Currency Board
245 _aEast African Currency Board
_bReport for the year Ended 30th June 1969
260 _bEast African Currency Board
_c1969
300 _a34p
942 _2ddc
_cBK
999 _c2747
_d2747